Декабристы / (Record no. 276690)
[ view plain ]
| 000 -LEADER | |
|---|---|
| fixed length control field | 00726nam a2200229 a 4500 |
| 001 - CONTROL NUMBER | |
| control field | 000748928 |
| 003 - CONTROL NUMBER IDENTIFIER | |
| control field | AM-YEHGA |
| 005 - DATE AND TIME OF LATEST TRANSACTION | |
| control field | 20250617143534.0 |
| 008 - FIXED-LENGTH DATA ELEMENTS--GENERAL INFORMATION | |
| fixed length control field | 100707s1975 |||| |||||||||||||rus d |
| 040 ## - CATALOGING SOURCE | |
| Original cataloging agency | AM-YeHGA |
| 041 0# - LANGUAGE CODE | |
| Language code of text/sound track or separate title | rus |
| 090 ## - LOCALLY ASSIGNED LC-TYPE CALL NUMBER (OCLC); LOCAL CALL NUMBER (RLIN) | |
| -- | 278341 |
| 100 1# - MAIN ENTRY--PERSONAL NAME | |
| Personal name | Нечкина, Милица Васильевна |
| 245 10 - TITLE STATEMENT | |
| Title | Декабристы / |
| Statement of responsibility, etc. | М.В. Нечкина; АН СССР. |
| 260 ## - PUBLICATION, DISTRIBUTION, ETC. | |
| Place of publication, distribution, etc. | Москва : |
| Name of publisher, distributor, etc. | Наука, |
| Date of publication, distribution, etc. | 1975. |
| 300 ## - PHYSICAL DESCRIPTION | |
| Extent | 183 с. : |
| Other physical details | ил. ; |
| Dimensions | 20 см. |
| 440 #0 - SERIES STATEMENT/ADDED ENTRY--TITLE | |
| Title | История нашей Родины |
| 504 ## - BIBLIOGRAPHY, ETC. NOTE | |
| Bibliography, etc. note | Библиогр. в подстроч. примеч. |
| 650 14 - SUBJECT ADDED ENTRY--TOPICAL TERM | |
| Topical term or geographic name entry element | История |
| Geographic subdivision | Россия |
| 653 0# - INDEX TERM--UNCONTROLLED | |
| Uncontrolled term | Декабристы |
| 710 2# - ADDED ENTRY--CORPORATE NAME | |
| Corporate name or jurisdiction name as entry element | АН СССР |
| Withdrawn status | Lost status | Damaged status | Not for loan | Collection | Home library | Current library | Date acquired | Total checkouts | Full call number | Barcode | Date last seen | Price effective from | Koha item type | Public note |
|---|---|---|---|---|---|---|---|---|---|---|---|---|---|---|
| General | Fundamental Scientific Library | Fundamental Scientific Library | 29/12/2016 | PII/366658 | FL0332702 | 29/12/2016 | 29/12/2016 | Գրքեր / Books | 30 Days Loan | |||||
| Gagik Sargsyan Individual Collection | Fundamental Scientific Library | Fundamental Scientific Library | 25/01/2022 | ГСарг/771 | FL0664363 | 25/01/2022 | 25/01/2022 | Գրքեր / Books | ILL Non-Circ. |
ՀՀ Գիտությունների ազգային ակադեմիայի հիմնարար գիտական գրադարան = Fundamental Scientific Library of NAS RA
All site content, except where otherwise noted, is licensed under a